01560nam a2200277 i 4500003001000000005001700010007000300027008004100030020001800071040003500089041000800124082001400132100002900146245011500175250002200290264005000312300004900362336002700411337003300438338002800471520066400499650002301163650003201186650002401218700004001242CO-BoRNBP20250226111452.0ta231009t2018 sp a|||g| 001 0|spa | a9789584273567 aCO-BoRNBPbspaerdacCO-BoRNBP0 hspa04a649bA15v1 aAndrade, Tatianaeautora13aLa vida láctea :bcorrespondencia entre dos madres trasnochadas/cTatiana Andrade, María Camila Sanjinés aPrimera edición1 aBogotá, ColombiabPlaneta Colombiana c2018 a231 páginasbilustraciones a colorc22 cm  atextobtxt2rdacontent asin mediaciónbn2rdamedia avolumenbnc2rdacarrier3 aSe trata de un admirable contenido gráfico y escrito que va confesándole al lector lo que parece inconfesable: ¿qué pasa con el sexo después del parto?¿Por qué se sienten celos de la independencia de la pareja?¿En dónde queda la vida de las mujeres cuando tienen hijos tras haber pensado que jamás serían madres? ¿Por qué no decir, a voz en cuello, que la maternidad es una experiencia dolorosa, triste, cansada, llena de humor y de libertad, pero también de dureza? En la misma línea de libros como Vajournal, este dúo de autoras ha construido un universo que rebasa la maternidad para conquistar un desenfadado, e irónico tono.17aMaternidad2ARMARC17aCrianza de niños 2ARMARC17aSexualidad 2ARMARC aSanjinés, María Camila eautora